000 00665nam a2200205 i 4500
001 bgj
100 1 _aLOWI, Theodore J.
245 1 0 _aAmerican government :
_bfreedom and power /
_cTheodore J. Lowi, Benjamin Ginsberg.
260 _aNew York ;
_aLondon :
_bW. W. Norton & Company,
_ccop. 1990.
300 _aXXV, 795, A101 :
_bphotos, graphs, tables ;
_c24 cm.
505 _aIncludes index and bibliographical references.
651 9 _aUnited States
_xPolitics and Government
700 1 _aGINSBERG, Benjamin
020 _a039396020X
040 _cBPK
041 0 _aeng
920 _a0-393-96020-X
942 _cKS
008 s uk f |000 0 eng
999 _c47673
_d47673
856 _uhttp://koha.tu.koszalin.pl/cgi-bin/koha/opac-detail.pl?biblionumber=47673
_yKatalog online BPK